000 00465nam a2200157Ia 4500
008 240729s9999 xx 000 0 und d
022 _a2812-5037
245 0 _aAssiut University Journal of Multidisciplinary Scientific Research
260 _aEgypt
260 _bAssiut University, Faculty of Science
650 _a Science (General)
650 _aScience
856 _uhttps://doaj.org/toc/5c60223fb4764887a07fb9e6d1f12ffa
942 _2ddc
942 _cDOAJEJ
999 _c68097
_d68097
945 _a1
_bMadushi Gamage
_c1
_dMadushi Gamage